Statistiques concernant Les Joueurs de l'Olympique de Marseille (2012-2023)

Cliquez ici pour prendre le quiz!

Statistiques générales

  • Ce quiz a été pris 86 fois
    (81 depuis la dernière actualisation)
  • Le résultat moyen est 64 sur 160

Statistiques - réponses

PosteAnnée d'arrivéeAnnée de départRôleMatchsButsRéponsePays% Correct
Ailier droit20132015Important28186Florian ThauvinFrance
92%
Ailier droit20162021Titulaire28186Florian ThauvinFrance
92%
Milieu offensif2017-Titulaire31375Dimitri PayetFrance
90%
Milieu offensif20132015Titulaire31375Dimitri PayetFrance
90%
Gardien de but20172022Titulaire6130Steve MandandaFrance
90%
Gardien de but20072016Titulaire6130Steve MandandaFrance
90%
Milieu défensif20132021Important1505Maxime LopezFrance
84%
Gardien de but2020-Titulaire540Pau LopezEspagne
84%
Avant-centre20172021Important5016Konstantinos MitroglouGrèce
80%
Ailier gauche20062015Titulaire20960André AyewGhana
77%
Ailier droit2021-Important6713Cengiz ÜnderTurquie
77%
Avant-centre20082014Important14915Jordan AyewGhana
77%
Avant-centre2022-Titulaire177Alexis SanchezChili
75%
Avant-centre20102015Titulaire18877André-Pierre GignacFrance
75%
Avant-centre20172021Titulaire15931Valère GermainFrance
75%
Défenseur Latéral20162021Important1852Hiroki SakaiJapon
74%
Avant-centre2020-Important4810Ahmadou Bamba DiengSénégal
70%
Milieu central2022-Titulaire211Jordan VeretoutFrance
70%
Gardien de but20172021Espoir00Ahmadou DiaFrance
69%
Avant-centre2021-Titulaire5530Arkadiusz MilikPologne
69%
Défenseur central2020-Important703Leonardo BalerdiArgentine
69%
Gardien de but20152021Remplaçant890Yohann PeléFrance
69%
Ailier gauche20152019Titulaire13227Lucas OcamposArgentine
67%
Défenseur latéral20152020Titulaire1818Bouna SarrSénégal
66%
Défenseur central20172019Titulaire753Adil RamiFrance
64%
Défenseur central2020-Titulaire203Chancel MbembaRD Congo
64%
Milieu central2019-Important1282Valentin RongierFrance
64%
Milieu offensif2021-Important506Amine HaritMaroc
62%
Défenseur central20182022Titulaire1305Duje Caleta-CarCroatie
62%
Milieu offensif20062014Titulaire33038Mathieu ValbuenaFrance
62%
Milieu central2021-Titulaire768Mattéo GuendouziFrance
62%
Avant-centre2022-Remplaçant113Luis SuarezColombie
61%
Avant-centre20142016Titulaire7833Michy BatshuayiBelgique
61%
Milieu défensif20172019Titulaire9810Luiz GustavoBrésil
59%
Avant-centre20162017Titulaire3421Bafétimbi GomisFrance
57%
Milieu offensif2021-Important6113GersonBrésil
57%
Milieu droit2022-Titulaire201Jonathan ClaussFrance
57%
Avant-centre20192019Important158Mario BalotelliItalie
57%
Défenseur central20152019Important1237RolandoPortugal
57%
Milieu défensif20082013Titulaire1933Charles KaboréBurkina Faso
56%
Défenseur latéral2022-Remplaçant111Issa KaboréBurkina Faso
56%
Milieu central20172021Titulaire15725Morgan SansonFrance
56%
Défenseur Central20112016Titulaire2075Nicolas N'KoulouCameroun
56%
Avant-centre20192022Important7117Dario BenedettoArgentine
54%
Défenseur Central20112015Titulaire1533Jérémy MorelMadagascar
54%
Défenseur latéral2017-Important1273Jordan AmaviFrance
54%
Milieu défensif20152017Important451Lassana DiarraFrance
54%
Milieu défensif2020-Important934Pape GueyeSénégal
54%
Défenseur Central20092014Important16411Souleymane DiawaraSénégal
54%
Défenseur central20212022Titulaire520William SalibaFrance
54%
Ailier gauche2018-Remplaçant638Nemanja RadonjicSerbie
52%
Défenseur latéral20202021Remplaçant290Yuto NagatomoJapon
52%
Milieu défensif20152018Important1060Franck Zambo AnguissaCameroun
51%
Milieu central2018-Important783Kevin StrootmanPays-Bas
51%
Ailier gauche2021-Espoir231Konrad de la FuenteÉtats-Unis
51%
Avant-centre20102013Titulaire11142Loïc RémyFrance
51%
Défenseur Latéral20172017Titulaire211Patrice EvraFrance
51%
Gardien de but2022-Remplaçant30Ruben BlancoEspagne
51%
Défenseur central20192022Important753Alvaro GonzalezEspagne
49%
Milieu défensif20152022Titulaire1704Boubacar KamaraFrance
49%
Avant-centre20222022Remplaçant244Cédric BakambuRD Congo
49%
Défenseur central20142018Important332DoriaBrésil
49%
Défenseur central2022-Important152Samuel GigotFrance
49%
Défenseur latéral2022-Important321Sead KolasinacBosnie-Herzégovine
49%
Défenseur latéral20132017Titulaire1013Benjamin MendyFrance
48%
Milieu défensif20142016Titulaire701Brice Dja DjédjéCôte d'Ivoire
48%
Ailier gauche2020-Espoir491Luis HenriqueBrésil
48%
Défenseur latéral20162018Titulaire1988Rod FanniFrance
48%
Défenseur Latéral20102015Titulaire1988Rod FanniFrance
48%
Milieu gauche2022-Titulaire203Nuno MendesPortugal
46%
Avant-centre20162016Important183Steven FletcherÉcosse
46%
Défenseur central20162019Remplaçant200Tomas HubocanSlovaquie
46%
Gardien de but20132017Espoir40Brice SambaCongo
44%
Ailier gauche20152016Titulaire4110Georges-Kevin N'KoudouCameroun
44%
Milieu offensif20152018Important8113Rémy CabellaFrance
44%
Milieu défensif20072014Titulaire30628Benoît CheyrouFrance
43%
Ailier droit20162019Important8316Clinton N'jieCameroun
43%
Défenseur central20152017Important481Karim RekikPays-Bas
43%
Défenseur latéral2021-Important733Pol LirolaEspagne
43%
Défenseur central2022-Remplaçant90Éric BaillyCôte d'Ivoire
41%
Milieu défensif20132015Titulaire763Giannelli ImbulaRD Congo
41%
Défenseur latéral20152016Important382Mauricio IslaChili
41%
Ailier droit20142017Important6511Romain AlessandriniFrance
41%
Défenseur central20172019Remplaçant140Aymen AbdennourTunisie
39%
Défenseur Latéral20102014Important682César AzpilicuetaEspagne
39%
Milieu central20122013Titulaire331Joey BartonAngleterre
39%
Défenseur latéral20152016Remplaçant120Paolo De CeglieItalie
39%
Ailier gauche2021-Espoir00Salim Ben SeghirFrance
38%
Gardien de but2018-Espoir00Simon NgapandouetnbuSénégal
38%
Avant-centre20162017Remplaçant90Aaron Leya IsekaBelgique
36%
Défenseur latéral20152016Titulaire430Javier ManquilloEspagne
36%
Milieu défensif20152016Important330Lucas SilvaBrésil
36%
Défenseur central20212022Titulaire500Luan PeresBrésil
34%
Ailier gauche20182021Espoir260Marley AkéFrance
34%
Avant-centre20132016Remplaçant361Saber KhalifaTunisie
34%
Défenseur central2022-Espoir50Isaak TouréFrance
33%
Milieu défensif20132016Important502Mario LeminaGabon
33%
Milieu défensif20122017Titulaire1025Stéphane MbiaSénégal
33%
Milieu offensif20142016Important453Abdelaziz BarradaMaroc
31%
Milieu défensif20132016Titulaire1274Jacques-Alaixys RomaoTogo
31%
Milieu défensif20172020Remplaçant250Grégory SerticFrance
30%
Défenseur Latéral20162018Remplaçant230Henri BedimoCameroun
30%
Milieu offensif20152019Remplaçant402Saîf-Eddine KhaouiAlgérie
30%
Milieu central20152017Remplaçant60Abou DiabyFrance
28%
Défenseur Central20122018Espoir250Gaël AndonianArménie
28%
Défenseur Latéral20122014Remplaçant370Kassim AbdallahComores
28%
Milieu central20202021Important302Michaël CuisanceFrance
28%
Défenseur latéral20172021Espoir00Mohamed AbdallahComores
28%
Ailier droit20192020Espoir20Isaac LihadjiFrance
26%
Défenseur central20162022Espoir131Lucas PerrinFrance
26%
Milieu défensif20162017Titulaire330William VainqueurFrance
26%
Défenseur Central20122017Espoir151Baptiste AloéFrance
25%
Milieu droit20112013Titulaire873Morgan AmalfitanoFrance
25%
Milieu défensif2022-Espoir00Bartug ElmazTurquie
23%
Défenseur central20132017Espoir20Bill TuilomaAustralie
23%
Défenseur Central20122014Important623Lucas MendesBrésil
23%
Défenseur central20122017Espoir190Stéphane SparagnaFrance
23%
Gardien de but20132019Espoir10Florian EscalesFrance
21%
Ailier droit20132015Remplaçant161Modou SougouSénégal
21%
Milieu central20212021Remplaçant60Olivier NtchamCameroun
21%
Milieu central20162017Remplaçant121Zinédine MachachFrance
21%
Avant-centre20142017Espoir71Antoine RabillardFrance
20%
Ailier droit20212022Espoir00Franco TongyaItalie
20%
Milieu central2021-Espoir00Bilal NadirFrance
16%
Milieu offensif20132015Remplaçant160Foued KadirAlgérie
16%
Gardien de but20112014Remplaçant60Gennaro BraciglianoFrance
16%
Avant-centre20142017Espoir20Jérémie Porsan-ClémenteFrance
16%
Milieu défensif20112013Espoir230Rafidine AbdullahComores
16%
Ailier droit20172019Espoir40Yusuf SariTurquie
15%
Défenseur latéral20162021Espoir50Cristopher RocchiaFrance
13%
Milieu central2020-Espoir00Ugo BertelliFrance
13%
Défenseur central2019-Espoir00Aaron KamardinComores
11%
Ailier droit20152016Espoir30Bilal BoutobbaFrance
11%
Avant-centre20122014Remplaçant150Florian RaspentinoFrance
11%
Avant-centre20102016Espoir101Billel OmraniAlgérie
10%
Gardien de but20142017Espoir00Julien FabriFrance
10%
Milieu central2020-Espoir30Oussama TarghallineMaroc
10%
Milieu offensif20152021Espoir30Florian ChabrolleFrance
8%
Milieu défensif20112015Espoir20Laurent AbergelFrance
8%
Défenseur Central20042013Espoir140Leyti N'DiayeSénégal
8%
Milieu défensif20092015Espoir20Alexander N'DoumbouGabon
7%
Défenseur latéral20152017Espoir10Alphousseyni SanéFrance
7%
Milieu central20182022Espoir10Cheick SouaréFrance
7%
Défenseur Central20072013Espoir120Pape M'BowSénégal
7%
Milieu défensif20172022Espoir00Alexandre PhliponeauFrance
5%
Défenseur Latéral20192022Espoir00Richecard RichardFrance
5%
Défenseur central2021-Espoir00Yakine Said M'madiComores
5%
Gardien de but20112014Espoir00Ibrahima SySénégal
3%
Milieu offensif2020-Espoir00Jorès RahouAlgérie
3%
Défenseur Latéral2017-Espoir00Nassim AhmedFrance
3%
Défenseur Latéral20172020Espoir00Niels NkounkouFrance
3%
Milieu défensif2021-Espoir00Paolo SciortinoFrance
3%
Gardien de but20172019Espoir00Romain CagnonFrance
3%
Ailier gauche20122015Espoir30Wesley JobelloMartinique
3%
Avant-centre20142014Espoir00Achille AnaniCôte d'Ivoire
2%
Ailier droit20152017Espoir10Kevin OseiGhana
2%
Ailier droit20092015Espoir10Kevin OseiGhana
2%
Milieu central20112014Remplaçant10Larry AzouniTunisie
2%
Milieu offensif20102013Espoir00Najib AmmariAlgérie
0%
Défenseur Central20082014Espoir10Senah MangoTogo
0%

Distribution des résultats

Percentile par nombre de réponses

% des personnes avec chaque résultat

Votre développement - résultats

Vous n’avez pas pris ce quiz depuis la dernière actualisation